| 000 | 00387nam a2200169Ia 4500 | ||
|---|---|---|---|
| 003 | 0STCL | ||
| 008 | 150530s9999 xx 000 0 und d | ||
| 040 |
_aSTCL _cSTCL |
||
| 100 | _aRacine, C. | ||
| 245 | _aIntroduction to abstract algebra | ||
| 250 | _aSecond | ||
| 260 |
_bS.Viswanathan _c1965 |
||
| 546 | _aEnglish | ||
| 942 |
_2ddc _cBK |
||
| 999 |
_c21822 _d21822 |
||
| 005 | 20220125165928.0 | ||